000
00295nam a22001337a 4500
008
170522b xxu||||| |||| 00| 0 eng d
020
_a
2900811200706
041
_a
eng
080
_a
94(4)
100
_a
16
101
_a
SHH
245
_a
THE BERLIN STORIES
_c
ISHERWOOD, CH
942
_2
udc
_c
BK
999
_c
13744
_d
13744